Szczegóły MARC21

Prawo prywatne międzynarodowe /

003 -Nazwa inst., której nr kontr. jest w polu 001 [,]
    • @
    • Nazwa instytucji, której n kontrolny jest w polu 001
    • NUKAT
005 -DATA I CZAS OSTATNIEJ MODYFIKACJI [,]
    • @
    • pole kontrolne
    • 20241231090554.0
020 -Międzynarod. znormalizowany nr książki - ISBN [ , ]
    • a
    • Numer ISBN
    • 9788325562892 Find
020 -Międzynarod. znormalizowany nr książki - ISBN [ , ]
    • a
    • Numer ISBN
    • 9788325562908 Find
    • q
    • Dopowiedzenie
    • e-book
040 -Instytucja sporządzająca opis [ , ]
    • a
    • Instytucja, która sporządziła opis (NP)
    • Ł U/bb
    • c
    • Instytucja, która sporządziła rekord (NP)
    • Ł U/bbs
    • d
    • Instytucja, która zmodyfikowała rekord (P)
    • Ł U/GS
    • d
    • Instytucja, która zmodyfikowała rekord (P)
    • WR U/PAdjm
    • d
    • Instytucja, która zmodyfikowała rekord (P)
    • TOR U/WS
942 -Rodzaj dokumentu [ , ]
    • c
    • Rodzaj dokumentu
    • Książka
245 -Strefa tytułu i oznaczenia odpowiedzialności [0,0]
    • a
    • Tytuł
    • Prawo prywatne międzynarodowe / Find
    • c
    • Pozostałe elementy strefy tytułu i oznaczenia odpowiedzialności (NP)
    • redaktor Maksymilian Pazdan ; autorzy Maria Dragun-Gertner, Bernadetta Fuchs, Marcin Glicz, Jacek Górecki, Monika Jagielska, Wojciech Klyta, Marcin Kropka, Witold Kurowski, Piotr Machnikowski, Jadwiga Pazdan, Maksymilian Pazdan, Jerzy Poczobut, Ewa Rott-Pietrzyk, Marek Świerczyński, Michał Wojewoda, Maciej Zachariasiewicz, Maria Anna Zachariasiewicz, Łukasz Żarnowiec, Grzegorz Żmij.
260 -Strefa adresu wydawniczego [ , ]
    • a
    • Miejsce wydania (P)
    • Warszawa :
    • b
    • Nazwa wydawcy (P)
    • Wydawnictwo C. H. Beck :
    • b
    • Nazwa wydawcy (P)
    • Instytut Nauk Prawnych PAN,
    • c
    • Data wydania (P)
    • 2015.
300 -Strefa opisu fizycznego [ , ]
    • a
    • Określenie formy książki i/lub objętość (NP)
    • XL, 1055 s. ;
    • c
    • Format (NP)
    • 25 cm.
336 -Typ zawartości [ , ]
    • a
    • Termin opisujący typ zawartości
    • Tekst
    • b
    • Kod określający zawartość
    • txt
    • 2
    • Źródło (terminu i kodu)
    • rdacontent
337 -Typ mediów [ , ]
    • a
    • Tryb odtwarzania
    • Bez urządzenia pośredniczącego
    • b
    • Kod typu mediów
    • n
    • 2
    • Źródło (terminu i kodu)
    • rdamedia
338 -Typ/rodzaj nośnika [ , ]
    • a
    • Hasło opisujące typ nośnika
    • Wolumin
    • b
    • Kod typu nośnika
    • nc
    • 2
    • Źródło (terminu i kodu)
    • rdacarrier
490 -Strefa serii i książki wielotomowej - forma nie do wyszukiwania [1, ]
    • a
    • Tytuł (P)
    • System Prawa Prywatnego ; Find
    • v
    • Numeracja (P)
    • t. 20B
830 -Hasło dodatkowe serii i opisu książki wielotomowej - tytuł ujednolicony/tytuł [ ,0]
    • a
    • Tytuł ujednolicony/tytuł (NP)
    • System Prawa Prywatnego
    • v
    • Oznaczenie tomu (NP)
    • t. 20B
    • 9
    • KHW
    • 45381
504 -Uwaga dot. bibliogr. załącznikowej [ , ]
    • a
    • Uwaga dot. bibliografii załącznikowej
    • Indeks.
080 -Uniwersalna Klasyfikacja Dziesiętna [ , ]
    • 2
    • Identyfikator wydania tablic
    • UDC-P058
    • 9
    • UKD
    • 3414
    • a
    • Symbol klasyfikacji
    • 341.9
    • b
    • Dopowiedzenie
    • Międzynarodowe prawo prywatne. Prawa cudzoziemców
    • 4
    • UKD2
    • 8594
    • x
    • Poddział wspólny
    • (07)
    • c
    • Dopowiedzenie poddz. wspólnego
    • (Wydawnictwa dydaktyczne. Podręczniki).
650 -Hasło przedmiotowe [ ,7]
    • a
    • Hasło przedmiotowe
    • Prawo międzynarodowe prywatne.
    • 2
    • Źródło terminu
    • kaba
    • 9
    • KHW
    • 125831
980 -Symbol UKD [ , ]
    • a
    • UKD
    • 341.9(07)
700 -Hasło dodatkowe - nazwa osobowa [1, ]
    • a
    • Nazwa osobowa (NP)
    • Fuchs, Bernadeta. Find
    • 9
    • KHW
    • 79850
700 -Hasło dodatkowe - nazwa osobowa [1, ]
    • a
    • Nazwa osobowa (NP)
    • Glicz, Marcin. Find
    • 9
    • KHW
    • 14223
700 -Hasło dodatkowe - nazwa osobowa [1, ]
    • a
    • Nazwa osobowa (NP)
    • Górecki, Jacek. Find
    • 9
    • KHW
    • 39504
700 -Hasło dodatkowe - nazwa osobowa [1, ]
    • a
    • Nazwa osobowa (NP)
    • Jagielska, Monika Find
    • d
    • Daty biograficzne (NP)
    • (1970- ).
    • 9
    • KHW
    • 7609
700 -Hasło dodatkowe - nazwa osobowa [1, ]
    • a
    • Nazwa osobowa (NP)
    • Klyta, Wojciech. Find
    • 9
    • KHW
    • 80338
700 -Hasło dodatkowe - nazwa osobowa [1, ]
    • a
    • Nazwa osobowa (NP)
    • Kropka, Piotr Find
    • d
    • Daty biograficzne (NP)
    • (1983- ).
    • 9
    • KHW
    • 80343
700 -Hasło dodatkowe - nazwa osobowa [1, ]
    • a
    • Nazwa osobowa (NP)
    • Kurowski, Witold. Find
    • 9
    • KHW
    • 80341
700 -Hasło dodatkowe - nazwa osobowa [1, ]
    • a
    • Nazwa osobowa (NP)
    • Machnikowski, Piotr. Find
    • 9
    • KHW
    • 1470
700 -Hasło dodatkowe - nazwa osobowa [1, ]
    • a
    • Nazwa osobowa (NP)
    • Pazdan, Jadwiga Find
    • d
    • Daty biograficzne (NP)
    • (1950- ).
    • 9
    • KHW
    • 80340
700 -Hasło dodatkowe - nazwa osobowa [1, ]
    • a
    • Nazwa osobowa (NP)
    • Pazdan, Maksymilian Find
    • d
    • Daty biograficzne (NP)
    • (1936- ).
    • 9
    • KHW
    • 1862
700 -Hasło dodatkowe - nazwa osobowa [1, ]
    • a
    • Nazwa osobowa (NP)
    • Poczobut, Jerzy Find
    • d
    • Daty biograficzne (NP)
    • (1951- ).
    • 9
    • KHW
    • 54822
700 -Hasło dodatkowe - nazwa osobowa [1, ]
    • a
    • Nazwa osobowa (NP)
    • Rott-Pietrzyk, Ewa. Find
    • 9
    • KHW
    • 42449
700 -Hasło dodatkowe - nazwa osobowa [1, ]
    • a
    • Nazwa osobowa (NP)
    • Świerczyński, Marek. Find
    • 9
    • KHW
    • 23322
700 -Hasło dodatkowe - nazwa osobowa [1, ]
    • a
    • Nazwa osobowa (NP)
    • Wojewoda, Michał. Find
    • 9
    • KHW
    • 80342
700 -Hasło dodatkowe - nazwa osobowa [1, ]
    • a
    • Nazwa osobowa (NP)
    • Zachariasiewicz, Maciej. Find
    • 9
    • KHW
    • 23323
700 -Hasło dodatkowe - nazwa osobowa [1, ]
    • a
    • Nazwa osobowa (NP)
    • Zachariasiewicz, Maria-Anna. Find
    • 9
    • KHW
    • 80339
700 -Hasło dodatkowe - nazwa osobowa [1, ]
    • a
    • Nazwa osobowa (NP)
    • Żarnowiec, Łukasz. Find
    • 9
    • KHW
    • 23324
700 -Hasło dodatkowe - nazwa osobowa [1, ]
    • a
    • Nazwa osobowa (NP)
    • Żmij, Grzegorz. Find
    • 9
    • KHW
    • 62992
700 -Hasło dodatkowe - nazwa osobowa [1, ]
    • a
    • Nazwa osobowa (NP)
    • Dragun-Gertner, Maria. Find
    • 9
    • KHW
    • 80337
710 -Hasło dodatkowe - nazwa ciała zbiorowego [2, ]
    • a
    • Nazwa ciała zbiorowego lub nazwa geograficzna jako pierwszy element (NP)
    • Wydawnictwo C.H. Beck.
    • 4
    • Kod relacji
    • pbl
    • 9
    • KHW
    • 52679
710 -Hasło dodatkowe - nazwa ciała zbiorowego [2, ]
    • a
    • Nazwa ciała zbiorowego lub nazwa geograficzna jako pierwszy element (NP)
    • Polska Akademia Nauk.
    • b
    • Nazwa jednostki podrzędnej (P)
    • Instytut Nauk Prawnych.
    • 4
    • Kod relacji
    • pbl
    • 9
    • KHW
    • 12581
856 -Dostęp do wersji elektronicznej [4,1]
    • z
    • Uwaga
    • Dostęp autoryzowany
856 -Dostęp do wersji elektronicznej [4,8]
    • 3
    • Wyszczególnienie materiału
    • Okładka
856 -Dostęp do wersji elektronicznej [4,1]
    • 3
    • Wyszczególnienie materiału
    • Spis treści
920 -ISBN [ , ]
    • a
    • ISBN
    • 978-83-255-6289-2 Find
920 -ISBN [ , ]
    • a
    • ISBN
    • 978-83-255-6290-8 Find
    • q
    • Dopowiedzenie
    • e-book
Sygnatura Status udost. Obwoluta Numer inwentarzowy Data inwentaryzacji Lokalizacja
SA.2314811SA.231482015-02-18BSA